书目信息 |
| 题名: |
2000年中国:经济形势分析与预测(经济蓝皮书)
|
|
| 作者: | 刘国光 , 王洛林 , 李京文 主编 | |
| 分册: | ||
| 出版信息: | 北京 社会科学文献出版社 2000.01 |
|
| 页数: | 357页 | |
| 开本: | 32开 | |
| 丛书名: | ||
| 单 册: | ||
| 中图分类: | F123.2 | |
| 科图分类: | ||
| 主题词: | 经济预测--中国--2000 | |
| 电子资源: | ||
| ISBN: | 7-80149-259-5 | |
| 000 | 00742nam0 2200217 45 | |
| 001 | 0110090931 | |
| 005 | 20031219104058.2 | |
| 010 | @a7-80149-259-5@dCNY29.80 | |
| 100 | @a20011009d2000 km y0chiy0120 ea | |
| 101 | 0 | @achi |
| 105 | @a z 000yy | |
| 200 | 1 | @a2000年中国:经济形势分析与预测(经济蓝皮书)@A2000 Nian Zhong Guo:Jing Ji Xing Shi Fen Xi Yu Yu Ce(Jing Ji Lan Pi Shu)@f刘国光,王洛林,李京文主编@FLiu Guo Guang,Wang Luo Lin,Li Jing Wen Zhu Bian |
| 210 | @a北京@c社会科学文献出版社@d2000.01 | |
| 215 | @a357页@d32开 | |
| 606 | 0 | @a经济预测@y中国@z2000 |
| 690 | @aF123.2@v4 | |
| 701 | @a刘国光@4主编 | |
| 701 | 0 | @a王洛林@4主编 |
| 701 | 0 | @a李京文@4主编 |
| 801 | @aCN@bTSTC@c20011009 | |
| 905 | @b315170-179@dF123.2@e122:(2000)@f10 | |
| 2000年中国:经济形势分析与预测(经济蓝皮书)/刘国光,王洛林,李京文主编.-北京:社会科学文献出版社,2000.01 |
| 357页;32开 |
| ISBN 7-80149-259-5:CNY29.80 |
| ● |
| 相关链接 |
|
|
|
|
正题名:2000年中国:经济形势分析与预测(经济蓝皮书)
索取号:F123.2/122:(2000)
 
预约/预借
| 序号 | 登录号 | 条形码 | 馆藏地/架位号 | 状态 | 备注 |
| 1 | 0315170 | 203151702 | 密集书库/ [索取号:F123.2/122:(2000)] | 在馆 | |
| 2 | 0315171 | 203151711 | 第一借阅区/ [索取号:F123.2/122:(2000)] | 在馆 | |
| 3 | 0315172 | 203151720 | 密集书库/ [索取号:F123.2/122:(2000)] | 在馆 | |
| 4 | 0315173 | 203151739 | 密集书库/ [索取号:F123.2/122:(2000)] | 在馆 | |
| 5 | 0315174 | 203151748 | 第一借阅区/ [索取号:F123.2/122:(2000)] | 在馆 | |
| 6 | 0315175 | 203151757 | 第一借阅区/ [索取号:F123.2/122:(2000)] | 在馆 | |
| 7 | 0315176 | 203151766 | 密集书库/ [索取号:F123.2/122:(2000)] | 在馆 | |
| 8 | 0315177 | 203151775 | 第一借阅区/ [索取号:F123.2/122:(2000)] | 在馆 | |
| 9 | 0315178 | 203151784 | 第一借阅区/ [索取号:F123.2/122:(2000)] | 在馆 | |
| 10 | 0315179 | 203151793 | 第一样本阅览室/ [索取号:F123.2/122:(2000)] | 在馆 |